000 00779nam a2200217 a 4500
005 20200104041531.0
008 140305b1997 ck ||||| |||| 00| 0 eng d
040 _aCO-BoIAVH
_cCO-BoIAVH
041 _aspa
044 _ack
090 _aLB
_b02161
100 1 _aMoreno, Pedro
245 1 _aCreación de un centro de educación no formal para la promoción de procesos formativos para la conservación de la biodiversidad y desarrollo sostenible en le área de influencia de la R. N....
260 _aNariño
_bFES
_c1997
300 _a20 paginas
650 6 _aEducación no formal
650 6 _aConservación de biodiversidad
650 6 _aDesarrollo sostenible
662 _aColombia
_cReserva Natural La Planada
_bNariño
942 _cINFORME
_2z
999 _c2341
_d2341